000 01322cam a22003737a 4500
003 CHAP
005 20220329142347.0
008 000926d2000 mx r 00110 spa d
010 _a82351
011 _a83323
035 _a93834
040 _cCHAP
090 _aTesis
100 0 0 _aGarcía Méndez, José Luis.
_946313
245 1 0 _aRenovación católica y protestantismo, movimiento apóstoles de la palabra en Zimatlán de Alvarez, Oaxaca
_c/por José Luis García Méndez
260 _aChapingo, Méx. :
_bEl autor,
_c2000.
300 _a106 h.
502 _aTesis (Ing. Agr. Esp. en Sociología Rural) -- UACH. Departamento de Sociología Rural
590 _aALEPH
_b10
_c20130110
_lUCH01
_h1437
590 _aBATCH-UPD
_b10
_c20130110
_lUCH01
_h0632
590 _aBATCH-UPD
_b10
_c20130110
_lUCH01
_h2324
590 _aBATCH-UPD
_b10
_c20130410
_lUCH01
_h0316
590 _aBATCH-UPD
_b10
_c20130914
_lUCH01
_h1059
590 _aCONVERSION
_b10
_c20130109
_lUCH01
_h1346
650 1 4 _aCristianismo.
_928989
650 1 4 _aIglesia católica.
_957335
650 1 4 _aOaxaca
_xCondiciones sociales.
_982478
650 1 4 _aProtestantismo.
_992462
901 _aBK
905 _aEdna Luz
942 _cFOLL
949 _bBC
_cTES
_d33724000805776
_eTS2
_fc.2
_h37006
_i93834
_sb
949 _bBC
_cTES
_d938341
_eTS1
_h37005
_i93834
_sb
999 _c82351
_d82351